No time for fear : (Record no. 772)

MARC details
000 -LEADER
fixed length control field 01170pam a2200349 a 4500
003 - CONTROL NUMBER IDENTIFIER
control field data
005 - DATE AND TIME OF LATEST TRANSACTION
control field 20260322212033.0
008 - FIXED-LENGTH DATA ELEMENTS--GENERAL INFORMATION
fixed length control field data
010 ## - LIBRARY OF CONGRESS CONTROL NUMBER
LC control number 95026667
020 ## - INTERNATIONAL STANDARD BOOK NUMBER
International Standard Book Number 0870134167
020 ## - INTERNATIONAL STANDARD BOOK NUMBER
International Standard Book Number 9780870134166
040 ## - CATALOGING SOURCE
Original cataloging agency DLC
Transcribing agency DLC
Modifying agency MXC
-- MXC
043 ## - GEOGRAPHIC AREA CODE
Geographic area code n-us---
050 00 - LIBRARY OF CONGRESS CALL NUMBER
Classification number D807.U6
Item number F47 1996
060 10 - NATIONAL LIBRARY OF MEDICINE CALL NUMBER
Classification number WZ 100
Item number F417 1996
082 00 - DEWEY DECIMAL CLASSIFICATION NUMBER
Classification number 940.54/7573
Edition information 20
092 ## - LOCALLY ASSIGNED DEWEY CALL NUMBER (OCLC)
Classification number 940.54 F417 1996
001 - CONTROL NUMBER
control field data
100 1# - MAIN ENTRY--PERSONAL NAME
Personal name Fessler, Diane Burke.
245 10 - TITLE STATEMENT
Title No time for fear :
Remainder of title voices of American military nurses in World War II /
Statement of responsibility, etc. Diane Burke Fessler.
260 ## - PUBLICATION, DISTRIBUTION, ETC.
Place of publication, distribution, etc. East Lansing :
Name of publisher, distributor, etc. Michigan State University Press,
Date of publication, distribution, etc. c1996.
300 ## - PHYSICAL DESCRIPTION
Extent xv, 280 p. :
Other physical details ill. ;
Dimensions 24 cm.
504 ## - BIBLIOGRAPHY, ETC. NOTE
Bibliography, etc. note Includes bibliographical references (p. 263-264) and index.
650 #0 - SUBJECT ADDED ENTRY--TOPICAL TERM
Topical term or geographic name entry element World War, 1939-1945
General subdivision Medical care
Geographic subdivision United States.
650 #0 - SUBJECT ADDED ENTRY--TOPICAL TERM
Topical term or geographic name entry element World War, 1939-1945
Form subdivision Personal narratives, American.
650 #0 - SUBJECT ADDED ENTRY--TOPICAL TERM
Topical term or geographic name entry element Nurses
Form subdivision Biography.
Geographic subdivision United States
650 #2 - SUBJECT ADDED ENTRY--TOPICAL TERM
Topical term or geographic name entry element Military Nursing
Form subdivision Personal Narratives.
Geographic subdivision United States
650 #2 - SUBJECT ADDED ENTRY--TOPICAL TERM
Topical term or geographic name entry element War
Form subdivision Personal Narratives.
650 #2 - SUBJECT ADDED ENTRY--TOPICAL TERM
Topical term or geographic name entry element Nurses
Form subdivision Biography.
651 #0 - SUBJECT ADDED ENTRY--GEOGRAPHIC NAME
Geographic name United States
General subdivision Nurses
-- Nurses
Form subdivision Biography.
651 #2 - SUBJECT ADDED ENTRY--GEOGRAPHIC NAME
Geographic name United States.
Holdings
Withdrawn status Lost status Damaged status Not for loan Home library Current library Shelving location Date acquired Total checkouts Full call number Barcode Date last seen Price effective from Koha item type
        Centerville Centerville General stacks 22/03/2026   940.54/7573 20 BC0010792 22/03/2026 22/03/2026 Books